000 00986pam a2200277 a 4500
001 4962085
003 OSt
005 20160707143918.0
008 970429s1997 enka b 001 0 eng
010 _a 97017082
020 _a1857752562 (pbk.)
040 _aDLC
_cDLC
_dDLC
082 _aWA
_bT179d 1997
100 1 _aTate, Peter,
_910021
245 1 4 _aThe doctor's communication handbook /
_cPeter Tate.
250 _a2nd ed.
260 _aOxon ;
_a[New York] :
_bRadcliffe Medical Press,
_c1997.
300 _axi, 135 p. :
_bill. ;
_c24 cm.
504 _aIncludes bibliographical references (p. 125-129) and index.
650 0 _aPhysician and patient.
_910022
650 0 _aInterpersonal communication.
_910023
650 0 _aMedical history taking.
_92391
906 _a7
_bcbc
_corignew
_d1
_eocip
_f19
_gy-gencatlg
942 _2z
_cO_SHELF
999 _c4658
_d4658